[Event "8th EUR-ch (w)"]
[Site "Dresden GER"]
[Date "2007.04.11"]
[Round "8"]
[White "Mamedyarova, Turkan"]
[Black "Tsoganova, Monika"]
[Result "0-1"]
[WhiteElo "2293"]
[BlackElo "2185"]
[EventDate "2007.04.03"]
[PlyCount "121"]

1.d4 Nf6 2.c4 g6 3.Nf3 Bg7 4.e3 O-O 5.Nc3 d6 6.Be2 Nbd7 7.O-O e5 8.Qc2 c6 
9.Rd1 Re8 10.b3 Qe7 11.Ba3 exd4 12.Rxd4 Nc5 13.Rdd1 Bf5 14.Qc1 Rad8 15.Nd4
Bg4 16.Qc2 Bxe2 17.Qxe2 Nfe4 18.Nxe4 Nxe4 19.Bb2 d5 20.cxd5 Rxd5 21.Nf3 
Bxb2 22.Qxb2 Red8 23.Qc2 Qf6 24.Rac1 Rxd1+ 25.Rxd1 Rxd1+ 26.Qxd1 Qb2 27.
Qd8+ Kg7 28.Qd4+ Qxd4 29.Nxd4 Kf6 30.Kf1 Ke5 31.f3 Nc3 32.a4 f5 33.g3 Kd6 
34.Ke1 Kc5 35.Kd2 Kb4 36.Kc2 Nd5 37.e4 fxe4 38.fxe4 Ne3+ 39.Kd3 Ng4 40.h4 
c5 41.Ne6 Ne5+ 42.Kc2 c4 43.bxc4 Kxc4 44.a5 b5 45.axb6 axb6 46.g4 h6 47.
Nf4 Kd4 48.g5 h5 49.Nd5 Kxe4 50.Nxb6 Nf3 51.Kd1 Nxh4 52.Ke2 Kf4 53.Kf2 
Kxg5 54.Kg3 Nf5+ 55.Kh3 Kf4 56.Nd5+ Ke5 57.Nc3 g5 58.Ne2 Ke4 59.Kg2 g4 60.
Nc3+ Kd3 61.Nd5 0-1

[Event "8th EUR-ch (w)"]
[Site "Dresden GER"]
[Date "2007.04.11"]
[Round "8"]
[White "Ionica, Iulia-Ionela"]
[Black "Mira, Helene"]
[Result "1/2-1/2"]
[WhiteElo "2276"]
[BlackElo "2171"]
[EventDate "2007.04.03"]
[PlyCount "44"]

1.e4 e5 2.Nf3 Nc6 3.Bc4 Bc5 4.c3 Nf6 5.d3 a6 6.Nbd2 O-O 7.O-O d6 8.Bb3 Ba7
9.h3 Be6 10.Re1 h6 11.Nf1 Ne7 12.Bc2 Ng6 13.Ng3 c5 14.Be3 d5 15.Qe2 dxe4 
16.dxe4 c4 17.Nf5 Bxe3 18.fxe3 Qb6 19.b3 cxb3 20.axb3 Qc5 21.c4 Bxf5 22.
exf5 Ne7 1/2-1/2

[Event "8th EUR-ch (w)"]
[Site "Dresden GER"]
[Date "2007.04.11"]
[Round "8"]
[White "Makropoulou, Marina"]
[Black "Khudaverdieva, Afag"]
[Result "1/2-1/2"]
[WhiteElo "2268"]
[BlackElo "2163"]
[EventDate "2007.04.03"]
[PlyCount "73"]

1.e4 c6 2.d4 d5 3.Nc3 dxe4 4.Nxe4 Nf6 5.Nxf6+ exf6 6.c3 Bd6 7.Bd3 Qc7 8.
Ne2 Bg4 9.h3 Be6 10.Bd2 Nd7 11.c4 Nf8 12.Rc1 Qd7 13.Qc2 Ng6 14.h4 Ne7 15.
Rd1 Rd8 16.Ba5 Rc8 17.Bc3 h6 18.Ng3 Bg4 19.Be2 Bxg3 20.fxg3 Qe6 21.d5 
Qxe2+ 22.Qxe2 Bxe2 23.Kxe2 cxd5 24.cxd5 Rd8 25.d6 Nf5 26.Rhe1 Kd7 27.Kf3 
Rhe8 28.Rxe8 Rxe8 29.h5 Nxd6 30.Bb4 Re6 31.a4 Kc7 32.b3 Kd7 33.g4 Kc7 34.
Rc1+ Kd7 35.Rd1 Kc7 36.Rc1+ Kd7 37.Rd1 1/2-1/2

[Event "8th EUR-ch (w)"]
[Site "Dresden GER"]
[Date "2007.04.11"]
[Round "8"]
[White "Isgandarova, Khayala"]
[Black "Guramishvili, Sopiko"]
[Result "0-1"]
[WhiteElo "2155"]
[BlackElo "2267"]
[EventDate "2007.04.03"]
[PlyCount "74"]

1.e4 c5 2.Nf3 d6 3.d4 cxd4 4.Nxd4 Nf6 5.Nc3 a6 6.Be2 e5 7.Nb3 Be7 8.Bg5 
Nbd7 9.a4 b6 10.Nd2 h6 11.Bxf6 Nxf6 12.Nc4 Bb7 13.Bf3 Qc7 14.Ne3 g6 15.h4 
h5 16.Qd3 Rc8 17.Be2 Qc5 18.Rd1 Qb4 19.f3 O-O 20.Qd2 Qxb2 21.Nc4 Qb4 22.
Rb1 Qc5 23.Rxb6 Qc7 24.Rb3 Rb8 25.Ne3 Rfd8 26.g4 hxg4 27.h5 Nxh5 28.Ned5 
Bxd5 29.Nxd5 Qa7 30.Qh6 Rxb3 31.cxb3 g3 32.Bc4 Qf2+ 33.Kd1 Qxf3+ 34.Kd2 
Bf8 35.Ne7+ Bxe7 36.Rf1 Qg4 37.Kc3 d5 0-1

[Event "8th EUR-ch (w)"]
[Site "Dresden GER"]
[Date "2007.04.11"]
[Round "8"]
[White "Medic, Mirjana"]
[Black "Cherednichenko, Elena"]
[Result "1/2-1/2"]
[WhiteElo "2265"]
[BlackElo "2091"]
[EventDate "2007.04.03"]
[PlyCount "93"]

1.d4 Nf6 2.c4 e6 3.Nc3 Bb4 4.a3 Bxc3+ 5.bxc3 b6 6.f3 O-O 7.e3 Ba6 8.Bd3 
Nc6 9.Nh3 d6 10.e4 h6 11.Qe2 e5 12.Be3 Na5 13.O-O Qe8 14.f4 Nd7 15.fxe5 
dxe5 16.Nf2 f6 17.c5 Bb7 18.Bc4+ Kh8 19.Ba6 Bxa6 20.Qxa6 Nb8 21.Qe2 bxc5 
22.d5 Nb7 23.Rab1 Nd6 24.Bxc5 Nd7 25.Nd3 Qg6 26.Bxd6 cxd6 27.Rb7 Nb6 28.
Rf3 Qe8 29.Rg3 Rf7 30.Rxf7 Qxf7 31.Nb4 Qd7 32.Nc6 Na4 33.h3 Nc5 34.Kh2 Rf8
35.Qc4 a6 36.Rf3 Rc8 37.Re3 Rc7 38.a4 Rb7 39.a5 Rb5 40.Qe2 Qb7 41.Qh5 Qd7 
42.Qg6 Rb7 43.Rg3 Qf7 44.Qg4 Qd7 45.Qg6 Qf7 46.Qf5 Qd7 47.Qg6 1/2-1/2

[Event "8th EUR-ch (w)"]
[Site "Dresden GER"]
[Date "2007.04.11"]
[Round "8"]
[White "Pokorna, Regina"]
[Black "Pertlova, Sona"]
[Result "1-0"]
[WhiteElo "2343"]
[BlackElo "2171"]
[EventDate "2007.04.03"]
[PlyCount "135"]

1.e4 c5 2.Nc3 Nc6 3.g3 g6 4.Bg2 Bg7 5.d3 d6 6.Be3 e6 7.Qd2 Rb8 8.Nge2 Nd4 
9.Nd1 Nxe2 10.Qxe2 Ne7 11.Qd2 Nc6 12.Bh6 O-O 13.h4 Bxh6 14.Qxh6 Qf6 15.h5 
Qg7 16.Qd2 g5 17.h6 Qg6 18.Ne3 e5 19.O-O-O Kh8 20.f4 f6 21.Rdf1 Bd7 22.Nd5
Bg4 23.Kb1 b5 24.f5 Qe8 25.Nxf6 Rxf6 26.Qxg5 Qf7 27.Qxg4 Nb4 28.Qg7+ Qxg7 
29.hxg7+ Kxg7 30.g4 h6 31.Rh5 Rg8 32.Rfh1 Nc6 33.c3 a6 34.Bf3 Nd8 35.Bd1 
Nf7 36.Bb3 Kf8 37.R1h4 c4 38.dxc4 Rg5 39.cxb5 Rxh5 40.gxh5 axb5 41.Bd5 Ng5
42.Bc6 Rf7 43.Kc2 b4 44.Bd5 Rc7 45.c4 Ke7 46.Kb3 Ra7 47.Rg4 Kf6 48.a4 bxa3
49.bxa3 Ra6 50.Rg3 Rb6+ 51.Kc2 Ra6 52.Rb3 Ra4 53.Rb6 Nxe4 54.Bxe4 Rxc4+ 
55.Kd3 Rd4+ 56.Ke3 Kg5 57.Rb8 Ra4 58.Rg8+ Kf6 59.Rg6+ Ke7 60.Rxh6 Rxa3+ 
61.Bd3 Ra1 62.Re6+ Kd7 63.Bb5+ Kc7 64.f6 Ra3+ 65.Ke4 Rh3 66.f7 Rh4+ 67.Kf5
Rf4+ 68.Kg6 1-0

[Event "8th EUR-ch (w)"]
[Site "Dresden GER"]
[Date "2007.04.11"]
[Round "8"]
[White "Ptacnikova, Lenka"]
[Black "Fuchs, Judith"]
[Result "1/2-1/2"]
[WhiteElo "2290"]
[BlackElo "2132"]
[EventDate "2007.04.03"]
[PlyCount "62"]

1.Nf3 Nf6 2.g3 g6 3.Bg2 Bg7 4.O-O d6 5.c4 c5 6.d4 O-O 7.Nc3 Nc6 8.dxc5 
dxc5 9.Be3 Be6 10.Qa4 Qa5 11.Qxa5 Nxa5 12.Ng5 Bxc4 13.Bxc5 h6 14.Nf3 Nd7 
15.Bxe7 Rfe8 16.Bb4 Nc6 17.Rfd1 Nb6 18.Bc5 Bxe2 19.Nxe2 Rxe2 20.Nd4 Rxb2 
21.Ba3 Nxd4 22.Bxb2 Ne2+ 23.Kf1 Bxb2 24.Kxe2 Bxa1 25.Rxa1 Re8+ 26.Kd3 Nd7 
27.Rc1 b6 28.Rc7 Nc5+ 29.Kc4 Re2 30.Rxa7 Rxf2 31.Bd5 g5 1/2-1/2

[Event "8th EUR-ch (w)"]
[Site "Dresden GER"]
[Date "2007.04.11"]
[Round "8"]
[White "Dolzhikova, Kateryna"]
[Black "Schulz, Stefanie"]
[Result "0-1"]
[WhiteElo "2282"]
[BlackElo "2117"]
[EventDate "2007.04.03"]
[PlyCount "88"]

1.e4 c5 2.Nf3 Nc6 3.Bb5 g6 4.Bxc6 dxc6 5.d3 Bg7 6.h3 b6 7.O-O Nf6 8.Nc3 
O-O 9.Be3 Re8 10.Qd2 e5 11.a3 a5 12.Na4 Nd7 13.Qc3 Qc7 14.b4 cxb4 15.axb4 
b5 16.Nc5 Nxc5 17.Bxc5 a4 18.d4 exd4 19.Bxd4 Bf8 20.Ne5 Bb7 21.Ng4 Re6 22.
f4 c5 23.f5 Rc6 24.bxc5 Qe7 25.fxg6 hxg6 26.Qe3 Rd8 27.c3 Re6 28.Nf6+ Rxf6
29.Bxf6 Qxc5 30.Qxc5 Bxc5+ 31.Kh1 Re8 32.e5 Bd5 33.Rfd1 Bc4 34.Rd7 a3 35.
Rad1 a2 36.Rd8 Rxd8 37.Rxd8+ Bf8 38.Rd1 Bd3 39.c4 bxc4 40.Kh2 Bg7 41.Kg3 
Bxf6 42.exf6 Bb1 43.Rd8+ Kh7 44.Ra8 c3 0-1

[Event "8th EUR-ch (w)"]
[Site "Dresden GER"]
[Date "2007.04.11"]
[Round "8"]
[White "Ohme, Melanie"]
[Black "Winkelmann, Elena"]
[Result "0-1"]
[WhiteElo "2225"]
[BlackElo "2114"]
[EventDate "2007.04.03"]
[PlyCount "70"]

1.e4 c5 2.Nf3 e6 3.d4 cxd4 4.Nxd4 a6 5.Nc3 b5 6.Bd3 Bb7 7.Qe2 Nc6 8.Nxc6 
Bxc6 9.a4 b4 10.Nd5 exd5 11.exd5+ Qe7 12.dxc6 Qxe2+ 13.Kxe2 dxc6 14.Re1 
Nf6 15.Kf1+ Be7 16.Bf4 Kf8 17.Rad1 Nd5 18.Bc1 h5 19.a5 h4 20.Be4 Rd8 21.
Rd3 Nf6 22.Bxc6 Rh5 23.Bd2 Rxd3 24.cxd3 Bd6 25.Ra1 Nd5 26.Bb7 Nc7 27.Be3 
Ke7 28.Bb6 Kd7 29.Rc1 Nd5 30.Bc8+ Ke7 31.Bxa6 Nxb6 32.axb6 Ra5 33.Bc8 Rc5 
34.Ra1 Rxc8 35.Ra7+ Ke6 0-1

[Event "8th EUR-ch (w)"]
[Site "Dresden GER"]
[Date "2007.04.11"]
[Round "8"]
[White "Padurariu, Ioana-Smaranda"]
[Black "Shmirina, Evgenija"]
[Result "1-0"]
[WhiteElo "2223"]
[BlackElo "2112"]
[EventDate "2007.04.03"]
[PlyCount "165"]

1.e4 e6 2.d4 d5 3.e5 c5 4.c3 Qb6 5.Nf3 Bd7 6.a3 c4 7.Nbd2 Nc6 8.g3 Na5 9.
h4 h5 10.Bh3 g6 11.Ng5 Nh6 12.O-O Nf5 13.Bxf5 exf5 14.Re1 Be6 15.Qa4+ Nc6 
16.Rb1 Qa5 17.Qc2 Be7 18.Ndf3 b5 19.Qe2 Kf8 20.Nh3 Kg7 21.Bg5 Bxg5 22.
Nfxg5 Qc7 23.Qe3 a5 24.Nxe6+ fxe6 25.Qg5 Qf7 26.Nf4 Rae8 27.b3 cxb3 28.
Rxb3 b4 29.axb4 axb4 30.Ne2 Rb8 31.Ra1 Rhc8 32.cxb4 Rxb4 33.Rxb4 Nxb4 34.
Nf4 Kh7 35.Nxg6 Rg8 36.Qxh5+ Kg7 37.Nf4 Qxh5 38.Nxh5+ Kh6 39.Nf4 Nc2 40.
Ra4 Re8 41.Kf1 Rb8 42.Nxe6 Rb1+ 43.Kg2 Ne1+ 44.Kh3 Rb2 45.Ra7 Nd3 46.Nf8 
Nxf2+ 47.Kg2 Ne4+ 48.Kf3 Rf2+ 49.Ke3 Kh5 50.e6 Rf1 51.Rh7+ Kg4 52.Rg7+ Kh3
53.e7 Nd6 54.Ke2 Kg2 55.Ne6 Rf2+ 56.Kd3 Rf3+ 57.Kc2 Re3 58.Nf4+ Kf3 59.
Nxd5 Re2+ 60.Kb3 Re1 61.Rg6 Nc8 62.h5 Nxe7 63.Nxe7 Rxe7 64.Kc4 Ke4 65.d5 
Rc7+ 66.Rc6 Rg7 67.Re6+ Kf3 68.Rg6 Rc7+ 69.Kd4 f4 70.gxf4 Kxf4 71.h6 Rc1 
72.Re6 Rh1 73.Kc5 Kf5 74.Kd6 Ra1 75.h7 Ra6+ 76.Kc5 Ra5+ 77.Kc6 Ra8 78.Kb7 
Rd8 79.Rh6 Rh8 80.d6 Kg5 81.Rh1 Kf6 82.d7 Ke7 83.Kc7 1-0

[Event "8th EUR-ch (w)"]
[Site "Dresden GER"]
[Date "2007.04.11"]
[Round "8"]
[White "Nagel, Verena"]
[Black "Kopinits, Anna-Christina"]
[Result "0-1"]
[WhiteElo "2079"]
[BlackElo "2198"]
[EventDate "2007.04.03"]
[PlyCount "100"]

1.d4 d5 2.Nf3 c5 3.c3 e6 4.dxc5 Bxc5 5.Qa4+ Nc6 6.Nbd2 Nf6 7.Nb3 Bd6 8.Bg5
h6 9.Bh4 Bd7 10.Nbd2 e5 11.Qb3 Na5 12.Qd1 e4 13.Nxe4 dxe4 14.Qxd6 exf3 15.
Qe5+ Be6 16.gxf3 Qd2+ 17.Kxd2 Nc4+ 18.Kc2 Nxe5 19.Bg3 Nc6 20.Bd6 O-O-O 21.
Ba3 Rd7 22.Rd1 Rxd1 23.Kxd1 Bxa2 24.Kc2 Na5 25.Bh3+ Kc7 26.b4 Nc4 27.Bc1 
g5 28.e4 Nb6 29.Be3 Be6 30.Bg2 Nh5 31.h4 Nf4 32.hxg5 Nxg2 33.Bd4 Rh7 34.f4
Nd7 35.f5 Bc4 36.Rxh6 Rxh6 37.gxh6 Nf8 38.Bg7 Nh7 39.e5 Kd7 40.e6+ fxe6 
41.fxe6+ Kxe6 42.Kd2 a6 43.Bh8 Kf5 44.Bd4 Ke4 45.Kc2 b5 46.Kd2 Kf3 47.Bc5 
Nf4 48.Bb6 Kg4 49.Be3 Kh5 50.Bxf4 Kg6 0-1

[Event "8th EUR-ch (w)"]
[Site "Dresden GER"]
[Date "2007.04.11"]
[Round "8"]
[White "Makka, Ioulia"]
[Black "Von Herman, Brigitte"]
[Result "0-1"]
[WhiteElo "2185"]
[BlackElo "2070"]
[EventDate "2007.04.03"]
[PlyCount "74"]

1.e4 e5 2.Nf3 Nc6 3.Bb5 a6 4.Ba4 Nf6 5.Bxc6 dxc6 6.d3 Nd7 7.Nbd2 Be7 8.Nc4
f6 9.O-O O-O 10.d4 exd4 11.Nxd4 Nc5 12.f3 Ne6 13.Nf5 Bc5+ 14.Be3 g6 15.
Nh6+ Kg7 16.Ng4 h5 17.Nf2 a5 18.Nd3 Bxe3+ 19.Nxe3 b6 20.Qe1 Ba6 21.Rd1 Qe7
22.Qg3 Kh7 23.Rf2 Rad8 24.Rfd2 Bxd3 25.cxd3 Nd4 26.f4 Rf7 27.Qh3 f5 28.e5 
Kg7 29.Qg3 Qc5 30.h3 Rfd7 31.Qf2 Qe7 32.g4 hxg4 33.hxg4 Rh8 34.g5 Rdd8 35.
Qg3 Rh5 36.Rh2 Rhh8 37.Rg2 Rh3 0-1

[Event "8th EUR-ch (w)"]
[Site "Dresden GER"]
[Date "2007.04.11"]
[Round "8"]
[White "Norinkeviciute, Rasa"]
[Black "Sokalskaya, Elena"]
[Result "0-1"]
[WhiteElo "2048"]
[BlackElo "2147"]
[EventDate "2007.04.03"]
[PlyCount "186"]

1.c4 Nf6 2.g3 c5 3.Bg2 Nc6 4.Nf3 g6 5.O-O Bg7 6.Nc3 O-O 7.a3 d5 8.cxd5 
Nxd5 9.Nxd5 Qxd5 10.d3 Qd6 11.Rb1 Be6 12.b3 Rac8 13.Ng5 b6 14.Bxc6 Qxc6 
15.Nxe6 Qxe6 16.Bb2 Bh6 17.Qc2 Rfd8 18.Qc3 f6 19.Qc4 Kf7 20.Rfd1 Rd6 21.
Kf1 Rcd8 22.Ke1 Qxc4 23.bxc4 e5 24.Bc3 Re8 25.e3 f5 26.Ke2 Bg7 27.a4 h5 
28.a5 Re7 29.axb6 axb6 30.Rd2 Red7 31.Rbd1 Bf6 32.h4 Re6 33.Bb2 Bd8 34.Bc3
Bf6 35.Bb2 Red6 36.Bc3 Ke6 37.Bb2 Ra7 38.Ra1 Rdd7 39.Rdd1 Rxa1 40.Bxa1 Ra7
41.Bc3 Ra3 42.Bb2 Ra2 43.Rd2 Ra4 44.Rc2 Rb4 45.Ba1 Bd8 46.Bc3 Rb3 47.Kd2 
Ra3 48.Rc1 Ra2+ 49.Rc2 Ra4 50.Rc1 e4 51.Ra1 Rxa1 52.Bxa1 Kd6 53.Bc3 Kc6 
54.d4 Bc7 55.Kc2 cxd4 56.Bxd4 Bd6 57.Kb3 Be7 58.Be5 g5 59.hxg5 Bxg5 60.Kb4
h4 61.gxh4 Bxh4 62.Bg3 Be7+ 63.Ka4 Kc5 64.Kb3 Bf6 65.Bf4 Bh4 66.Bg3 Bg5 
67.Be5 Bh4 68.Bg3 Bf6 69.Bf4 Ba1 70.Bg5 Kc6 71.Bd8 Be5 72.Bg5 Bd6 73.Kc3 
Bc5 74.Bf4 Kd7 75.Kd2 Bb4+ 76.Kc2 Be1 77.Bg3 Kc6 78.Kd1 Ba5 79.Kc2 Kc5 80.
Kb3 Be1 81.Be5 Bxf2 82.Bd4+ Kc6 83.Kc3 Be1+ 84.Kb3 Bg3 85.Kc2 Bf2 86.Kc3 
Bg1 87.Kd2 f4 88.Bxb6 Kxb6 89.exf4 Kc6 90.Kc3 Bc5 91.Kd2 Kd6 92.Ke2 Ke6 
93.Kf1 Kf5 0-1

[Event "8th EUR-ch (w)"]
[Site "Dresden GER"]
[Date "2007.04.11"]
[Round "8"]
[White "Steil-Antoni, Fiona"]
[Black "Shmirina, Galina"]
[Result "1/2-1/2"]
[WhiteElo "2018"]
[BlackElo "2115"]
[EventDate "2007.04.03"]
[PlyCount "109"]

1.e4 e6 2.d4 d5 3.Nc3 Bb4 4.exd5 exd5 5.Bd3 Ne7 6.Qf3 Nbc6 7.Ne2 Be6 8.a3 
Bxc3+ 9.bxc3 Qd7 10.O-O Bf5 11.Ng3 Bxd3 12.cxd3 O-O 13.h4 f5 14.h5 Rae8 
15.Bf4 Kh8 16.Rfe1 Ng8 17.Rab1 b6 18.Nf1 Nf6 19.Ne3 Qf7 20.h6 g6 21.Bg5 
Ne7 22.Bxf6+ Qxf6 23.Nxd5 Nxd5 24.Qxd5 Qd6 25.Qxd6 cxd6 26.c4 Kg8 27.f4 
Kf7 28.Kf2 g5 29.fxg5 Kg6 30.Kf3 Kxg5 31.d5 Kxh6 32.Kf4 Kg6 33.Re6+ Rxe6 
34.dxe6 Kf6 35.Re1 Re8 36.e7 Rxe7 37.Rxe7 Kxe7 38.Kxf5 Kf7 39.a4 Ke7 40.d4
d5 41.cxd5 Kd6 42.Ke4 a6 43.g4 b5 44.axb5 axb5 45.g5 b4 46.Ke3 Kxd5 47.Kd3
b3 48.Kc3 b2 49.Kxb2 Kxd4 50.Kc2 Ke3 51.Kd1 Kf4 52.Ke2 Kxg5 53.Kf2 Kf4 54.
Kg2 Kg4 55.Kh2 1/2-1/2

[Event "8th EUR-ch (w)"]
[Site "Dresden GER"]
[Date "2007.04.11"]
[Round "8"]
[White "Bakalarz, Grazyna"]
[Black "Ziemann, Nadine"]
[Result "1-0"]
[WhiteElo "2081"]
[BlackElo "1989"]
[EventDate "2007.04.03"]
[PlyCount "99"]

1.d4 d5 2.Nf3 Nf6 3.Bg5 Ne4 4.Bf4 c5 5.c3 Qb6 6.Qb3 c4 7.Qxb6 axb6 8.Nbd2 
Nxd2 9.Nxd2 b5 10.e4 Nd7 11.Be2 Nb6 12.O-O dxe4 13.Nxe4 Nd5 14.Bg3 Bf5 15.
Bf3 Bxe4 16.Bxe4 e6 17.Rfe1 Kd7 18.a3 Bd6 19.Be5 f6 20.Bxd6 Kxd6 21.g3 Ra7
22.f4 g6 23.Rac1 b6 24.Rc2 Re7 25.Rce2 Rhe8 26.Kg2 Nc7 27.Bf3 Nd5 28.h4 h6
29.Be4 Rg8 30.Kf3 g5 31.hxg5 hxg5 32.Bxd5 Kxd5 33.f5 e5 34.dxe5 fxe5 35.
Rd1+ Kc6 36.Rh2 e4+ 37.Ke3 g4 38.Rh6+ Kc7 39.Rdd6 Rf8 40.Rc6+ Kd8 41.f6 
Rb7 42.Re6 Rd7 43.Rxb6 Rd3+ 44.Kxe4 Kc7 45.Rxb5 Kc6 46.Rg5 Rxg3 47.f7+ Kd7
48.Ra5 Rf3 49.Ra7+ Kd8 50.Rb6 1-0

[Event "8th EUR-ch (w)"]
[Site "Dresden GER"]
[Date "2007.04.11"]
[Round "8"]
[White "Apanaviciute, Kristina"]
[Black "Coimbra, Margarida"]
[Result "1-0"]
[WhiteElo "2008"]
[BlackElo "2067"]
[EventDate "2007.04.03"]
[PlyCount "123"]

1.e4 e5 2.Nf3 Nc6 3.Bc4 Bc5 4.c3 Nf6 5.d3 d6 6.Bb3 a6 7.O-O O-O 8.h3 Ba7 
9.Bg5 h6 10.Bh4 g5 11.Nxg5 hxg5 12.Bxg5 Kg7 13.Kh1 Be6 14.f4 Be3 15.Qf3 
exf4 16.d4 Bxb3 17.axb3 Qd7 18.Bxf6+ Kxf6 19.Qxe3 Ke7 20.Rxf4 Rg8 21.Nd2 
Rg7 22.Raf1 Rag8 23.Qf3 Ke8 24.Nc4 Rg3 25.Qh5 Nd8 26.R1f2 R8g5 27.Qh8+ Rg8
28.Qh7 Qb5 29.R4f3 R3g7 30.Qf5 Qxb3 31.Ne3 c6 32.Ng4 Rxg4 33.hxg4 Qd1+ 34.
Rf1 Qd2 35.b4 Rh8+ 36.Kg1 Rg8 37.Qf4 Qxf4 38.Rxf4 Rg5 39.Kh2 a5 40.bxa5 
Rxa5 41.Rf6 Ke7 42.Kg3 Ra3 43.R1f3 Ra2 44.Rf2 Ra3 45.R6f3 Ke8 46.g5 Ke7 
47.Kg4 Ke8 48.e5 dxe5 49.Re2 Kd7 50.Rxe5 Ra2 51.g3 Rc2 52.Rfe3 Rc1 53.g6 
fxg6 54.Re7+ Kc8 55.Kg5 b5 56.Kxg6 Nb7 57.Re8+ Nd8 58.g4 Rg1 59.g5 Rg2 60.
Rh8 Kd7 61.Rh7+ Kd6 62.Ree7 1-0

[Event "8th EUR-ch (w)"]
[Site "Dresden GER"]
[Date "2007.04.11"]
[Round "8"]
[White "Brunello, Roberta"]
[Black "Foisor, Mihaela-Veronica"]
[Result "0-1"]
[WhiteElo "1953"]
[BlackElo "1980"]
[EventDate "2007.04.03"]
[PlyCount "96"]

1.e4 c5 2.Nf3 a6 3.c3 e6 4.d4 d5 5.e5 Bd7 6.Nbd2 cxd4 7.cxd4 Bb5 8.Bxb5+ 
axb5 9.O-O Nc6 10.Nb3 Nge7 11.Qd3 Qb6 12.Bd2 Nf5 13.Kh1 Be7 14.Rg1 h5 15.
Rgd1 Ra4 16.Be1 O-O 17.Nc1 Rc8 18.b3 Ra6 19.Ne2 Bb4 20.Rdc1 Bxe1 21.Rxe1 
Rca8 22.Qd2 Qa7 23.Nc3 Ncxd4 24.Nxd4 Qxd4 25.Qxd4 Nxd4 26.Rad1 Nc6 27.Nxb5
Rxa2 28.Kg1 Rb2 29.Ra1 Rxa1 30.Rxa1 Rxb3 31.Nd6 Nxe5 32.g3 Rb6 33.Ra8+ Kh7
34.Rd8 d4 35.f4 d3 36.Ne4 Rb1+ 37.Kg2 Rb2+ 38.Kf1 Ng4 39.Rxd3 Nxh2+ 40.Kg1
Ng4 41.Rd7 Nh6 42.Nd6 Rd2 43.Rd8 Nf5 44.Nxb7 Rxd8 45.Nxd8 Nxg3 46.Nxf7 
Ne2+ 47.Kf2 Nxf4 48.Kf3 Kg6 0-1

[Event "8th EUR-ch (w)"]
[Site "Dresden GER"]
[Date "2007.04.11"]
[Round "8"]
[White "Sokalska, Viktorija"]
[Black "Hafenstein, Andrea"]
[Result "1-0"]
[WhiteElo "2045"]
[BlackElo "1945"]
[EventDate "2007.04.03"]
[PlyCount "109"]

1.e4 c5 2.Nc3 d6 3.g3 Nc6 4.Bg2 a6 5.d3 g6 6.Nge2 Bg7 7.Be3 Nf6 8.h3 e6 9.
O-O O-O 10.Qd2 Ne8 11.Bh6 Ne7 12.Bxg7 Nxg7 13.Rad1 Rb8 14.d4 c4 15.f4 d5 
16.g4 f5 17.gxf5 gxf5 18.e5 b5 19.Ng3 Ng6 20.Kh2 a5 21.Rg1 Kh8 22.Rdf1 Ba6
23.Rf2 Rf7 24.Bf1 Rc7 25.Be2 Qh4 26.Qe3 Bc8 27.Qf3 Bd7 28.Nd1 Be8 29.Ne3 
b4 30.Ng2 Qd8 31.Qe3 Nf8 32.Ne1 c3 33.b3 Bb5 34.Bd1 a4 35.Rfg2 axb3 36.
axb3 Ng6 37.Nf3 Nh4 38.Nxh4 Qxh4 39.Nh1 Be8 40.Nf2 Ra8 41.Nd3 Bh5 42.Nc5 
Bxd1 43.Rxd1 Re8 44.Rdg1 Qh6 45.Rg5 Qh4 46.Qf3 h6 47.Rg6 Kh7 48.Kh1 Ree7 
49.Qg2 Qh5 50.Rxe6 Rxe6 51.Nxe6 Qf7 52.Nxg7 Qxg7 53.Qxg7+ Rxg7 54.Rxg7+ 
Kxg7 55.Kg2 1-0

[Event "8th EUR-ch (w)"]
[Site "Dresden GER"]
[Date "2007.04.12"]
[Round "9"]
[White "Rajlich, Iweta"]
[Black "Atalik, Ekaterina"]
[Result "0-1"]
[WhiteElo "2408"]
[BlackElo "2374"]
[EventDate "2007.04.03"]
[PlyCount "63"]

1.d4 Nf6 2.c4 e6 3.Nf3 b6 4.a3 Bb7 5.Bg5 h6 6.Bxf6 Qxf6 7.Nc3 d6 8.e4 g6 
9.Be2 Bg7 10.O-O O-O 11.Rc1 Nd7 12.Qc2 c5 13.d5 Rae8 14.Qa4 Qd8 15.Bd3 a6 
16.Qc2 exd5 17.exd5 Bc8 18.Rce1 Ne5 19.Nxe5 Rxe5 20.Rxe5 Bxe5 21.Ne2 Qf6 
22.b3 Re8 23.a4 Kg7 24.Qd2 Bg4 25.h3 Bxe2 26.Bxe2 Bc3 27.Qd3 h5 28.Qf3 a5 
29.Qxf6+ Kxf6 30.Bf3 Be1 31.g3 Bc3 32.Kg2 0-1

[Event "8th EUR-ch (w)"]
[Site "Dresden GER"]
[Date "2007.04.12"]
[Round "9"]
[White "Lahno, Kateryna"]
[Black "Ovod, Evgenia"]
[Result "1/2-1/2"]
[WhiteElo "2467"]
[BlackElo "2384"]
[EventDate "2007.04.03"]
[PlyCount "55"]

1.e4 e6 2.d4 d5 3.Nc3 Nf6 4.Bg5 dxe4 5.Nxe4 Nbd7 6.Nf3 Be7 7.Nxf6+ Nxf6 8.
Be3 Nd5 9.Bd3 Nxe3 10.fxe3 Bd6 11.e4 e5 12.dxe5 Bc5 13.Bb5+ c6 14.Qxd8+ 
Kxd8 15.Bc4 Ke7 16.Ke2 Be6 17.Bxe6 Kxe6 18.Rad1 Rad8 19.Rd3 Bb6 20.Rf1 
Rhf8 21.a3 Rd7 22.b4 Rfd8 23.Rfd1 g6 24.Rf1 Bc7 25.Ke3 Bb6+ 26.Ke2 Bc7 27.
Ke3 Bb6+ 28.Ke2 1/2-1/2

[Event "8th EUR-ch (w)"]
[Site "Dresden GER"]
[Date "2007.04.12"]
[Round "9"]
[White "Vasylevich, Tatiana"]
[Black "Kovalevskaya, Ekaterina"]
[Result "1/2-1/2"]
[WhiteElo "2383"]
[BlackElo "2432"]
[EventDate "2007.04.03"]
[PlyCount "45"]

1.d4 Nf6 2.c4 e6 3.g3 Bb4+ 4.Bd2 a5 5.Bg2 O-O 6.Nf3 b6 7.O-O Ba6 8.Qc2 d5 
9.cxd5 exd5 10.Bg5 Be7 11.Nc3 Bb7 12.Rfd1 Ne4 13.Bf4 Nxc3 14.Qxc3 Na6 15.
Rac1 c5 16.b3 Nc7 17.e4 Nb5 18.Qd3 c4 19.Qe3 dxe4 20.bxc4 exf3 21.cxb5 
fxg2 22.Rc7 Bd5 23.Rxe7 1/2-1/2

[Event "8th EUR-ch (w)"]
[Site "Dresden GER"]
[Date "2007.04.12"]
[Round "9"]
[White "Bojkovic, Natasa"]
[Black "Kononenko, Tatiana"]
[Result "1-0"]
[WhiteElo "2408"]
[BlackElo "2382"]
[EventDate "2007.04.03"]
[PlyCount "97"]

1.e4 e6 2.d4 d5 3.Nd2 c5 4.exd5 Qxd5 5.Ngf3 cxd4 6.Bc4 Qd6 7.O-O Nf6 8.Nb3
Nc6 9.Nbxd4 Nxd4 10.Nxd4 a6 11.c3 Qc7 12.Qe2 Bd7 13.g3 Be7 14.Bf4 Qc5 15.
Be3 Qc7 16.Bf4 Qc5 17.Rad1 Rc8 18.Bd3 Qe5 19.Rfe1 Qxe2 20.Bxe2 Nd5 21.Bc1 
Ba4 22.Nb3 Nf6 23.Bf3 Bc6 24.Bxc6+ Rxc6 25.Na5 Rb6 26.b4 Nd5 27.Bb2 Nf6 
28.a3 O-O 29.c4 Re8 30.Bd4 Rd6 31.Nxb7 Rd7 32.Bxf6 Rxb7 33.Bxe7 Rbxe7 34.
Rd6 Ra7 35.Red1 Raa8 36.c5 g5 37.Rb6 a5 38.Rb7 axb4 39.axb4 g4 40.Kg2 Ra3 
41.Rdd7 Rf3 42.h3 h5 43.hxg4 hxg4 44.Rd4 f5 45.c6 Rc3 46.b5 e5 47.Rdd7 f4 
48.gxf4 exf4 49.c7 1-0

[Event "8th EUR-ch (w)"]
[Site "Dresden GER"]
[Date "2007.04.12"]
[Round "9"]
[White "Lomineishvili, Maia"]
[Black "Melia, Salome"]
[Result "1-0"]
[WhiteElo "2399"]
[BlackElo "2396"]
[EventDate "2007.04.03"]
[PlyCount "90"]

1.d4 d5 2.c4 e6 3.Nc3 Be7 4.cxd5 exd5 5.Nf3 Nf6 6.Bg5 c6 7.Qc2 O-O 8.e3 
Nbd7 9.Bd3 Re8 10.h3 Nf8 11.Bf4 Bd6 12.Bxd6 Qxd6 13.O-O-O Be6 14.g4 Rac8 
15.Kb1 a6 16.Na4 Rc7 17.Rc1 Bc8 18.g5 Ne4 19.h4 Qe7 20.Nb6 Be6 21.Ne5 Qb4 
22.Na4 c5 23.Bxe4 dxe4 24.Nxc5 Rec8 25.a3 Qb5 26.Qxe4 Rxc5 27.Rxc5 Rxc5 
28.dxc5 Qb3 29.Qd3 Qa2+ 30.Kc1 a5 31.f4 a4 32.h5 g6 33.hxg6 hxg6 34.e4 Kg7
35.Rf1 Qa1+ 36.Qb1 Qxb1+ 37.Kxb1 Bh3 38.Rd1 Bg2 39.Rd4 Ne6 40.Rd7 Bxe4+ 
41.Kc1 Nxc5 42.Rxf7+ Kg8 43.Rc7 b6 44.Nd7 Nd3+ 45.Kd2 Nxb2 1-0

[Event "8th EUR-ch (w)"]
[Site "Dresden GER"]
[Date "2007.04.12"]
[Round "9"]
[White "Cmilyte, Viktorija"]
[Black "Zawadzka, Jolanta"]
[Result "1-0"]
[WhiteElo "2462"]
[BlackElo "2348"]
[EventDate "2007.04.03"]
[PlyCount "83"]

1.d4 d5 2.c4 c6 3.Nf3 e6 4.e3 Nf6 5.Bd3 Nbd7 6.O-O Bd6 7.Nbd2 O-O 8.e4 e5 
9.cxd5 cxd5 10.exd5 exd4 11.Ne4 Nxe4 12.Bxe4 Bc5 13.b4 Bb6 14.Bg5 f6 15.
Bf4 f5 16.Bc2 Nf6 17.d6 Ne4 18.Bb3+ Kh8 19.Rc1 Bd7 20.a4 a5 21.b5 Rc8 22.
Be5 Rxc1 23.Qxc1 Be8 24.Qh6 Nf6 25.Qh4 Bg6 26.Nxd4 Bxd4 27.Qxd4 Bf7 28.
Bxf6 gxf6 29.Bxf7 Rxf7 30.Re1 Rd7 31.Re6 Kg7 32.h4 h5 33.Qd5 Kg6 34.Re3 f4
35.Re6 b6 36.Kh2 Qf8 37.Qe4+ Kf7 38.Qf5 Qh6 39.Rxf6+ Qxf6 40.Qxd7+ Kg6 41.
Qe8+ Kh6 42.Qe7 1-0

[Event "8th EUR-ch (w)"]
[Site "Dresden GER"]
[Date "2007.04.12"]
[Round "9"]
[White "Voicu, Carmen"]
[Black "Socko, Monika"]
[Result "0-1"]
[WhiteElo "2354"]
[BlackElo "2481"]
[EventDate "2007.04.03"]
[PlyCount "80"]

1.e4 d6 2.d4 g6 3.Bg5 Bg7 4.c3 Nd7 5.Nf3 c6 6.Nbd2 h6 7.Be3 Qc7 8.Be2 Ngf6
9.h3 b6 10.O-O O-O 11.Nh2 e5 12.f4 Bb7 13.dxe5 dxe5 14.f5 c5 15.Ng4 Nxg4 
16.Bxg4 Nf6 17.fxg6 fxg6 18.Bf3 Rad8 19.Qe2 Qd7 20.Qc4+ Kh7 21.Be2 Bc6 22.
Rfd1 Qb7 23.Bf3 Rd7 24.b4 cxb4 25.cxb4 Qa8 26.b5 Bb7 27.Nf1 Rxd1 28.Rxd1 
Bxe4 29.Bxe4 Nxe4 30.Rd7 Nf6 31.Rd6 Qe8 32.a4 Rf7 33.Rc6 Rd7 34.Re6 Qf7 
35.Rc6 Nd5 36.Bf2 Qf4 37.Qc2 e4 38.Ng3 Nb4 39.Qc1 e3 40.Bxe3 Qxg3 0-1

[Event "8th EUR-ch (w)"]
[Site "Dresden GER"]
[Date "2007.04.12"]
[Round "9"]
[White "Foisor, Sabina-Francesca"]
[Black "Arakhamia-Grant, Ketevan"]
[Result "1-0"]
[WhiteElo "2333"]
[BlackElo "2435"]
[EventDate "2007.04.03"]
[PlyCount "85"]

1.d4 Nf6 2.c4 c5 3.d5 g6 4.Nc3 d6 5.Nf3 Bg7 6.Nd2 O-O 7.e4 e5 8.Be2 Ne8 9.
h4 f5 10.h5 gxh5 11.Bxh5 Nf6 12.Bf3 a6 13.exf5 Bxf5 14.Nde4 b5 15.g4 Bg6 
16.g5 Nxe4 17.Bxe4 Qe8 18.Qg4 bxc4 19.Be3 Nd7 20.Bxg6 hxg6 21.Ne4 Qe7 22.
Qe6+ Qxe6 23.dxe6 d5 24.exd7 dxe4 25.O-O-O Rad8 26.Rd5 Rf7 27.Rhd1 Bf8 28.
Kc2 Rf5 29.Kc3 Kf7 30.Kxc4 Ke6 31.R1d2 Be7 32.Bxc5 Bxg5 33.Rd6+ Kf7 34.Bb6
Ke7 35.Bxd8+ Kxd8 36.Rd1 Rxf2 37.Rxg6 Be7 38.Rxa6 e3 39.Ra8+ Kc7 40.Rc8+ 
Kb7 41.Re8 Rf4+ 42.Kb3 e2 43.Re1 1-0